<?xml version="1.0" encoding="UTF-8"?>
<record
    xmlns:xsi="http://www.w3.org/2001/XMLSchema-instance"
    xsi:schemaLocation="http://www.loc.gov/MARC21/slim http://www.loc.gov/standards/marcxml/schema/MARC21slim.xsd"
    xmlns="http://www.loc.gov/MARC21/slim">

  <leader>00207nam a2200085   4500</leader>
  <controlfield tag="001">1258929</controlfield>
  <controlfield tag="005">20260406102457.0</controlfield>
  <datafield tag="245" ind1=" " ind2=" ">
    <subfield code="a">A&#xC7;IKLAMALI ATAS&#xD6;ZLER&#x130;</subfield>
    <subfield code="c">CENG&#x130;Z YA&#x15E;AR-  TURAN KAYA</subfield>
  </datafield>
  <datafield tag="260" ind1=" " ind2=" ">
    <subfield code="b">GENDA&#x15E; A.&#x15E;</subfield>
  </datafield>
  <datafield tag="999" ind1=" " ind2=" ">
    <subfield code="c">1258929</subfield>
    <subfield code="d">1258929</subfield>
  </datafield>
  <datafield tag="952" ind1=" " ind2=" ">
    <subfield code="0">0</subfield>
    <subfield code="1">0</subfield>
    <subfield code="2">ddc</subfield>
    <subfield code="4">0</subfield>
    <subfield code="7">0</subfield>
    <subfield code="a">1062</subfield>
    <subfield code="b">1062</subfield>
    <subfield code="d">2026-04-06</subfield>
    <subfield code="l">0</subfield>
    <subfield code="o">&#xD6;2</subfield>
    <subfield code="p">10629446</subfield>
    <subfield code="r">2026-04-06 10:25:11</subfield>
    <subfield code="w">2026-04-06</subfield>
    <subfield code="y">BK</subfield>
  </datafield>
</record>
